| 000 | 00449nam a22001577a 4500 | ||
|---|---|---|---|
| 020 | _a9781848822535 | ||
| 040 | _cNust | ||
| 082 |
_a006.42 _bHAN |
||
| 100 |
_aDavide Maltoni _9124706 |
||
| 110 |
_aDario Maio, Anil K. Jain, Salil Prabhakar _9124707 |
||
| 245 | _aHandbook of fingerprint recognition | ||
| 250 | _a2nd Edition | ||
| 260 |
_aLondon: _bSpringer, _c2009. |
||
| 650 |
_aHandbook of fingerprint recognition _9124255 |
||
| 942 |
_2ddc _cBK |
||
| 999 |
_c610511 _d610511 |
||